00333nam a2200133Ia 4500008004100000020001500041041001200056082001600068100002000084245004600104260002500150300000800175650001600183221030s9999 xx 000 0 und d a007463349X aEnglish a105.23bRav aD. Ravichandran 0aProgramming With C ++cby D. Ravichandran bTMHaNew Delhic2000 a607 aBE Computer